Textbook of Microbiology & Immunology (Record no. 16485)
[ view plain ]
| 000 -LEADER | |
|---|---|
| fixed length control field | 00451nam a22001817a 4500 |
| 003 - CONTROL NUMBER IDENTIFIER | |
| control field | OSt |
| 005 - DATE AND TIME OF LATEST TRANSACTION | |
| control field | 20170105103442.0 |
| 008 - FIXED-LENGTH DATA ELEMENTS--GENERAL INFORMATION | |
| fixed length control field | 120425t xxu||||| |||| 00| 0 eng d |
| 020 ## - INTERNATIONAL STANDARD BOOK NUMBER | |
| International Standard Book Number | 9788131221631 |
| 040 ## - CATALOGING SOURCE | |
| Transcribing agency | ASAB |
| 050 ## - LIBRARY OF CONGRESS CALL NUMBER | |
| Classification number | 616.01,PAR |
| 100 ## - MAIN ENTRY--PERSONAL NAME | |
| Personal name | Subhash Chandra Parija |
| 9 (RLIN) | 170 |
| 245 ## - TITLE STATEMENT | |
| Title | Textbook of Microbiology & Immunology |
| 260 ## - PUBLICATION, DISTRIBUTION, ETC. | |
| Place of publication, distribution, etc. | India |
| Name of publisher, distributor, etc. | Elsevier |
| 300 ## - PHYSICAL DESCRIPTION | |
| Extent | 684 |
| 650 ## - SUBJECT ADDED ENTRY--TOPICAL TERM | |
| Source of heading or term | Microbiology and Immunology |
| 9 (RLIN) | 171 |
| 942 ## - ADDED ENTRY ELEMENTS (KOHA) | |
| Source of classification or shelving scheme | |
| Koha item type | Book |
| Withdrawn status | Lost status | Source of classification or shelving scheme | Damaged status | Not for loan | Permanent Location | Current Location | Date acquired | Total Checkouts | Full call number | Barcode | Date last seen | Price effective from | Koha item type |
|---|---|---|---|---|---|---|---|---|---|---|---|---|---|
| Atta-ur-Rahman School of Applied Biosciences (ASAB) | Atta-ur-Rahman School of Applied Biosciences (ASAB) | 04/25/2012 | 616.01,PAR | ASAB1316 | 04/25/2012 | 04/25/2012 | Book |
